| 000 | 00351nam a2200133Ia 4500 | ||
|---|---|---|---|
| 008 | 240624s9999 xx 000 0 und d | ||
| 041 | _aeng | ||
| 082 | _a658.4092 SCH | ||
| 100 | _aSCHOLTES PETER R | ||
| 245 | _aLEADER S HANDBOOK MAKING THINGS HAPPEN G | ||
| 260 |
_c2004 _aNew Delhi _bTata McGrawhill |
||
| 300 | _axvi, : 415 : cm. ; 23 | ||
| 365 | _cRS | ||
| 999 |
_c1995 _d1995 |
||